000
00204 a2200097 4500
001
30192
100
_a
Maurier, D
245
_a
My cousin Rachel
260
_a
London
_b
Pan Books
_c
090
_c
20135
_d
20135
942
_a
NUST-CAE
_c
M
_c
11265
999
_c
265265
_d
265265